Komparácia ekonomickej výkonnosti vybraných krajín stredej a východnej Európy diplomová práca

Na minha lista:
Detalhes bibliográficos
Autor principal: Kacarabčin, Michal
Autor Corporativo: Národohospodárska fakulta EU. Katedra hospodárskej politiky
Outros Autores: Lábaj, Martin, 1982-
Formato: Livro
Idioma:eslovaco
Publicado em: Bratislava 2009
Tags: Adicionar Tag
Sem tags, seja o primeiro a adicionar uma tag!

MARC

LEADER 00000nam$a2200000$$$4500
001 0095794
005 20240319123814.0
041 0 |a slo 
044 |a SK 
245 1 0 |a Komparácia ekonomickej výkonnosti vybraných krajín stredej a východnej Európy  |b diplomová práca  |c Michal Kacarabčin ; škol. Martin Lábaj 
264 1 |a Bratislava  |c 2009 
300 |a 60 s. 
100 1 |a Kacarabčin, Michal 
700 1 |a Lábaj, Martin, 1982- 
710 2 |a Národohospodárska fakulta EU. Katedra hospodárskej politiky